| 000 | 00197nam a22000737a 4500 | ||
|---|---|---|---|
| 999 |
_c24104 _d24104 |
||
| 003 | Nust | ||
| 005 | 20170509154945.0 | ||
| 008 | 140507b xxu||||| |||| 00| 0 eng d | ||
| 020 |
_cAvailable _a0070067465 |
||
| 040 |
_aDLC _bDLC _cRCMS |
||
| 082 |
_27th,ed. _a658.45 BOV |
||
| 100 |
_aBovee, Thill Schatzman _9232 |
||
| 245 | _aBusiness Communication Today | ||
| 250 | _a7th,ed. | ||
| 260 |
_aIslamabad _bNational Book Foundation _cc1992 |
||
| 300 |
_axvii,606,p: _bill, _c27,cm. |
||
| 538 | _iShelf # 15, Row # 5, Communication. | ||
| 650 |
_aBusiness & Economics _9233 |
||
| 856 | _3Table of Content Only | ||
| 942 |
_2ddc _cBK |
||